00404 a2200109 4500001001000000005001700010008004100027245005700068100002300125773012900148999001700277ART_2314720260410161929.0260409a 10aLa situación espiritual del hombre contemporáneo1 aLetizia, Francisco0 tRevista de la Facultad de Ciencias Económicas de la Universidad de Cuyog- Año XXXIII, Nº 84 (jul./dic. 1981)wREV22981 c28417d28417